000 03540cam a22006014i 4500
003 PE-LiUPU
005 20250731175635.0
008 150706s2008 pe rb 000 0 spa d
035 _a(Sirsi) a48260
040 _aPE-LiUPU
_bspa
_cPE-LiUPU
_erda
049 _aPRUA
082 0 4 _a468.2
_bM572008
_221
082 0 4 _a451.75
_bC95 2008
_221
082 0 4 _a468.2
_bM57 2008
245 0 0 _aManual de redacción general /
_ceditor, Alfonso Cueva Sevillano.
264 1 _aLima :
_bA.F.A Editores Importadores,
_c2008.
300 _a548 páginas ;
_c21 cm.
336 _atext
_2rdacontent
337 _aunmediated
_2rdamedia
338 _avolume
_2rdacarrier
504 _aIncluye bibliografía.
505 0 _aEl arte de la redacción y normas de ortografía -- Redacción personal, familiar y social -- Redacción comercial, documentación mercantil -- Redacción para el sector público -- Redacción para el sector educación -- Redacción para el sector policial -- Breve diccionario de sinónimos -- Palabras comunes en Inglés -- Abreviaturas comerciales.
526 _aP145
526 _aP127
526 _aP97
526 _aP35
526 _aP14
526 _aP07
541 _g015-0011205;
541 _g015-0011205;
541 _FT02318.
650 1 4 _aRedacción comercial
_vManuales, etc.
650 2 4 _aCorrespondencia comercial
_vModelos.
650 2 4 _aCorrespondencia oficial
_vModelos.
650 2 4 _aContratos comerciales
_vModelos.
700 1 _aCueva Sevillano, Alfonso,
_d1944- ,
_eed.
710 2 _aCueva Garcia, Anibal
_eed.
910 _agl
_bjv
_clch
_d20100303
942 _2ddc
_cBOOK
949 _a468.2 M57 2008
_wDEWEY
_c1
_i61228
_lCCODEBUL1
_mBUL
_p22.00
_r0
_sY
_tLIBRO
_u2015-07-06
_xFCE
_zAGB
_o.STAFF. Colección General
949 _a468.2 M57 2008
_wDEWEY
_c2
_i61227
_lCCODEBUL1
_mBUL
_p22.00
_r0
_sY
_tLIBRO
_u2015-07-06
_xFCE
_zAGB
_o.STAFF. Colección General
949 _a451.75 C95 2008
_wDEWEY
_c1
_iFJ10010
_lCCODEBUJ1
_mBUJ
_p22.00
_r0
_sY
_tBOOK
_u2015-07-06
_xEDUCACION
_PP14
_0COMPRA
_o.STAFF. Colección General Juliaca
949 _a451.75 C95 2008
_wDEWEY
_c2
_iFJ10011
_lCCODEBUJ1
_mBUJ
_p22.00
_r0
_sY
_tBOOK
_u2015-07-06
_xEDUCACION
_PP14
_0COMPRA
_o.STAFF. Colección General Juliaca
949 _a468.2 M57 2008
_wDEWEY
_c1
_iFT02318
_lCCODEBUT1
_mBUT
_p{dolar}15.00
_r0
_sY
_tBOOK
_u2015-07-06
_xBIBLIOTECA
_zUNKNOWN
_0COMPRA
_o.STAFF. Colección General Tarapoto
994 _aC0
_bPEPRU
596 _a1 2 3
999 _a468.2 M57 2008
_wDEWEY
_c50493
_i61228
_lLOST
_mBUL
_p22.00
_r1
_sY
_tBOOK
_u2015-7-6
_xFCE
_zAGB
_o.STAFF. Colección General
_d50493
999 _a468.2 M57 2008
_wDEWEY
_c2
_i61227
_d2017-6-1
_e2017-5-30
_f2021-11-8
_g6
_lCCODEBUL1
_mBUL
_n2
_p22.00
_r0
_sY
_tBOOK
_u2015-7-6
_xEDUCACION
_zAGB
_o.STAFF. Colección General
999 _a451.75 C95 2008
_wDEWEY
_c1
_iFJ10010
_f2022-1-19
_g4
_lCCODEBUJ1
_mBUJ
_p22.00
_r0
_sY
_tBOOK
_u2015-11-23
_xBIBLIOTECA
_zUNKNOWN
_0COMPRA
_o.STAFF. Colección General Juliaca
999 _a451.75 C95 2008
_wDEWEY
_c2
_iFJ10011
_d2019-10-7
_f2022-1-19
_g4
_lCCODEBUJ1
_mBUJ
_p22.00
_q1
_r0
_sY
_tBOOK
_u2015-11-23
_xBIBLIOTECA
_zUNKNOWN
_0COMPRA
_o.STAFF. Colección General Juliaca
999 _a468.2 M57 2008
_wDEWEY
_c1
_iFT02318
_f2019-2-20
_g1
_lCCODEBUT1
_mBUT
_p15.00
_r0
_sY
_tBOOK
_u2016-6-13
_xBIBLIOTECA
_zUNKNOWN
_0COMPRA
_o.STAFF. Colección General Tarapoto
980 _81
_gALBERTO SANCHEZ Responsable de Automatización